Praktický průvodce opčním obchodováním

Na minha lista:
Detalhes bibliográficos
Autor principal: Široký, Jan
Formato: Livro
Idioma:tcheco
Publicado em: Tetčice Impossible 2007
Colecção:Knihovna úspěšného obchodníka
Assuntos:
Tags: Adicionar Tag
Sem tags, seja o primeiro a adicionar uma tag!

MARC

LEADER 00000nam$a2200000$$$4500
001 0065751
005 20240313133400.4
020 |a 978-80-239-9198-7 
041 0 |a cze 
044 |a CZ 
245 1 0 |a Praktický průvodce opčním obchodováním  |c Jan Široký 
264 1 |a Tetčice  |b Impossible  |c 2007 
300 |a 170 s. 
490 1 |a Knihovna úspěšného obchodníka 
830 0 |a Knihovna úspěšného obchodníka 
610 2 0 |a trh finančný 
610 2 0 |a obchody burzové 
610 2 0 |a opcie 
610 2 0 |a ceny burzové 
610 2 0 |a aktíva 
610 2 0 |a volatilita 
610 2 0 |a nákup 
610 2 0 |a predaj 
610 2 0 |a kapitál 
610 2 0 |a softvér 
100 1 |a Široký, Jan